000 01604naa a22003017a 4500
001 BR8707723
003 BR-BrBNA
005 20240918175904.0
007 ta
008 230509b bl.||||| |||| 00| 0 por d
040 _aBR-BrBNA
_bpor
_cBiblioteca Nacional de Agricultura
041 _a(Pt)
072 _aF04
_b0230
090 _aF04 BR8707723
100 1 _aNelli, E.J.
111 1 _a3. Simposio de Avaliacao da Agroindustria da Cana-de-Acucar no Estado de Alagoas
_cMaceio, AL (Brazil)
_d11 Jun 1985
245 1 _aObtencao e utilizacao de fertilizantes fluidos na cultura de cana-de-acucar [Amonia anidra, acido fosforico, acido sulfurico, rocha fosfatica, cloreto de potassio]
246 1 _a[Obtention and utilization of liquid fertilizer in sugar cane cultivation]
246 1 _a[Annals of the 3rd. Symposium of Valluation of Sugar Cane Agricultural Industry in the State of Alagoas]
260 3 _aPiracicaba, SP (Brasil):
_bPrograma Nacional de Melhoramento da Cana-de-Acucar, Divisao de Difusao de Tecnologia,
_c1986.
500 _aAnais do 3. Simposio de Avaliacao da Agroindustria da Cana-de-Acucar no Estado de Alagoas Piracicaba, SP (Brasil): Programa Nacional de Melhoramento da Cana-de-Acucar, Divisao de Difusao de Tecnologia, 1986. p. 88-92 (BR8707723-AM)F04
650 _aCANA DE ACUCAR
650 _aADUBACAO
650 _aFERTILIZANTE LIQUIDO
773 0 _tAnais do 3. Simposio de Avaliacao da Agroindustria da Cana-de-Acucar no Estado de Alagoas
_wF04 BR8707723
_gPiracicaba, SP (Brasil), 1986. p. 88-92
909 _a202404
_bLucia
_c55
_dLucia Elande
942 _cAM
_2AGRIS
999 _c318620
_d318620